000 00981cam a22003017a 4500
003 CHAP
005 20220329140829.0
008 971013s1983 r 00010 d
010 _a58267
011 _a59239
035 _a63397
040 _cCHAP
082 _a630.46
_bP7
245 1 3 _aEl problema del pan
_b: solución de la crisis agrícola por aumento y abatimiento de la producción
260 _aSevilla :
_b(s.n.),
_c1983
300 _a100 p.
_b: ilus.
490 0 _aBiblioteca Agraria Solariana
_v; 8
590 _aBATCH-UPD
_b10
_c20130110
_lUCH01
_h0013
590 _aBATCH-UPD
_b10
_c20130110
_lUCH01
_h1140
590 _aBATCH-UPD
_b10
_c20130410
_lUCH01
_h0726
590 _aBATCH-UPD
_b10
_c20130913
_lUCH01
_h2249
590 _aCONVERSION
_b10
_c20130109
_lUCH01
_h1331
650 1 4 _aAgricultura
_zEspaña.
_91923
830 0 _aBiblioteca Agraria Solariana
_v; 8
_912223
901 _aBK
942 _cLIBRO
949 _a630.46 P7
_bBC
_cBPP
_d-136111
_eBPP
_h71086
_i63397
_si
999 _c58267
_d58267